| 000 | 00441nam a2200157 i 4500 | ||
|---|---|---|---|
| 001 | 81262 | ||
| 003 | ES-MaACL | ||
| 005 | 20230906174413.0 | ||
| 007 | t| | ||
| 008 | 041103s1928 gw ||||1| ger d | ||
| 100 | 1 |
_aHuebschmann, P. _964527 |
|
| 245 | 1 | 0 |
_aPathologische anatomie der tuberkulose / _cvon P. Huebschmann. |
| 260 |
_aBerlin : _bJulius Springer, _c1928. |
||
| 300 |
_aIX, 516 p. : _bil. ; _c25 cm. |
||
| 852 |
_aES-MaACL _jB-11326 |
||
| 999 |
_c81262 _d81262 |
||